[Event "IECC Swiss email"]
[Site "IECC email"]
[Date "2000.09.13"]
[Round "?"]
[White "Jonsson, Gudbrandur"]
[Black "Skrzynski, Ireneusz"]
[Result "1/2-1/2"]
[WhiteElo "1374"]
[BlackElo "1708"]
[PlyCount "95"]
[EventDate "2000.??.??"]
[EventType "tourn (corr)"]
[EventRounds "6"]
[SourceTitle "Corr 2008"]
[Source "ChessBase"]
[SourceDate "2008.06.24"]
[SourceVersion "1"]
[SourceVersionDate "2008.06.24"]
[SourceQuality "1"]

1. e4 c5 2. Nf3 d6 3. d4 cxd4 4. Nxd4 Nf6 5. Nc3 a6 6. Bg5 e6 7. f4 Qb6 8. Qd2 Qxb2 9. Rb1 Qa3 10. Bxf6 gxf6 11. Be2 Bg7 12. 0-0 Nc6 13. Nxc6 bxc6 14. Qe3 0-0 15. f5 Qa5 16. Rb6 Bd7 17. Rb7 Rfd8 18. Rd1 Qe5 19. Na4 exf5 20. Nb6 Bc8 21. Rc7 Rb8 22. Nxc8 Rdxc8 23. Rxc8+ Rxc8 24. Bxa6 Ra8 25. Qb6 Qxe4 26. Bd3 Qd5 27. Rf1 c5 28. Bxf5 Qd4+ 29. Kh1 Rxa2 30. Qb8+ Bf8 31. Qb1 Rb2 32. Qd1 Qxd1 33. Rxd1 Bh6 34. g3 Rb6 35. c4 Be3 36. Kg2 Bd4 37. Rd2 Rb3 38. Be4 Re3 39. Bd5 Kg7 40. Ra2 Re7 41. Kf3 Kg6 42. Ra6 Be5 43. Ra8 f5 44. Rg8+ Kf6 45. Rh8 Kg7 46. Ra8 f6 47. Rg8+ Kh6 48. Ra8 1/2-1/2

[Event "IECC Trio 689 email"]
[Site "IECC email"]
[Date "1999.02.14"]
[Round "?"]
[White "Skrzynski, Ireneusz"]
[Black "Reilly, Jim"]
[Result "1-0"]
[WhiteElo "1660"]
[BlackElo "1731"]
[PlyCount "53"]
[EventDate "1999.??.??"]
[EventType "tourn (corr)"]
[EventRounds "4"]
[SourceTitle "Corr 2008"]
[Source "ChessBase"]
[SourceDate "2008.06.24"]
[SourceVersion "1"]
[SourceVersionDate "2008.06.24"]
[SourceQuality "1"]

1. d4 d5 2. c4 e6 3. Nc3 c5 4. cxd5 exd5 5. Nf3 Nc6 6. g3 Nf6 7. Bg2 Be7 8. 0-0 0-0 9. Bg5 cxd4 10. Nxd4 Bg4 11. h3 Bh5 12. Nf5 h6 13. Nxe7+ Qxe7 14. Nxd5 Qxe2 15. Nxf6+ gxf6 16. Bxh6 Qxd1 17. Rfxd1 Bxd1 18. Bxf8 Rxf8 19. Rxd1 Rc8 20. Rc1 Kg7 21. b4 Rb8 22. Bxc6 bxc6 23. a3 Rc8 24. Rc5 a6 25. a4 Kg6 26. b5 Rc7 27. Rxc6 1-0